Business driven technology /
Saved in:
| Main Author: | |
|---|---|
| Other Authors: | , |
| Format: | Book |
| Published: |
Boston :
McGraw-Hill Irwin,
c2008.
|
| Edition: | 2nd ed. |
| Subjects: | |
| Online Access: | http://www.loc.gov/catdir/toc/ecip0619/2006027389.html |
| Tags: |
Add Tag
No Tags, Be the first to tag this record!
|
MARC
| LEADER | 00000cam a22000004a 4500 | ||
|---|---|---|---|
| 020 | |a 9780073123684 |c TZS 8000/= | ||
| 040 | |a MUL |b eng |e AACR | ||
| 082 | 0 | 0 | |a 658.4038 HAA |
| 100 | 1 | |a Haag, Stephen. | |
| 245 | 1 | 0 | |a Business driven technology / |c Stephen Haag, Paige Baltzan, Amy Phillips. |
| 250 | |a 2nd ed. | ||
| 260 | |a Boston : |b McGraw-Hill Irwin, |c c2008. | ||
| 300 | |a xxxvii, 610 p. : |b col. ill. ; |c 29 cm. |e 2 CD-ROMs (4 3/4 in.) | ||
| 504 | |a Includes bibliographical references (p. 583-589) and index. | ||
| 650 | 0 | |a Information technology | |
| 650 | 0 | |a Management information systems. | |
| 650 | 0 | |a Information resources management. | |
| 650 | 0 | |a Industrial management | |
| 700 | 1 | |a Baltzan, Paige. | |
| 700 | 1 | |a Phillips, Amy | |
| 856 | 4 | 1 | |u http://www.loc.gov/catdir/toc/ecip0619/2006027389.html |
| 942 | |c BK | ||
| 999 | |c 10278 |d 10278 | ||